| 000 | 00873-am-a2200205-a-4500 | ||
|---|---|---|---|
| 001 | 000084754 | ||
| 003 | AM-YEHGA | ||
| 005 | 20250617121929.0 | ||
| 008 | 950720s1980 ru ||||| |||| 00| 0 rus d | ||
| 040 | _aAM-YeHGA | ||
| 041 | 0 | _arus | |
| 100 | 1 | _aГоловач, Александр Григорьевич | |
| 245 | 1 | 0 |
_aДеревья, кустарники и лианы Битанического сада БИН АН СССР : _b(Итоги интродукции) / _cА.Г. Головач ; АН СССР. Ботанический ин-т им. В.Л. Комарова. |
| 260 |
_aЛенинград : _bНаука. Ленингр. отд-ние, _c1980. |
||
| 300 |
_a188 с. ; _c21 см. |
||
| 650 | 1 | 4 | _aБотаника |
| 710 | 2 | _aБотанический институт им. В.Л. Комарова АН СССР | |
| 942 |
_2udc _cBK |
||
| 090 | _c26822 | ||
| 999 |
_c26492 _d26492 |
||